| 000 | 01115nam a2200289Ia 4500 | ||
|---|---|---|---|
| 001 | H2839 | ||
| 003 | IT-RoPAU | ||
| 008 | 130308s9999 xx 000 0 und d | ||
| 040 | _aIT-RoPAU | ||
| 040 | _cIT-RoPAU | ||
| 041 | _aITALIANO | ||
| 100 | _aCicalese Anna | ||
| 100 | _gCodice Aut. SPICS: 55048 | ||
| 245 | _aTitolazione e immagini nella stampa quotidiana | ||
| 245 | _bScrivere per Comunicare | ||
| 250 | _a2a ed. | ||
| 260 | _aMILANO | ||
| 260 | _bBompiani | ||
| 260 | _c2001 [1° Ed.:1999 - Ed.Ling.Originale:1999] | ||
| 300 | _a"17 p. (prefazione: no ; testo: 17 [pagine: 139-155])" | ||
| 500 | _a"Titolazione: Funzioni e Caratteristiche, una breve Classificazione, redazione di un Titolo. Rapporto tra immagine e testo . Esercizi: Sulla Valenza del Titolo; Sulle caratteristiche Strutturali: Parole Chiave, Coerenza, Formadi Frase. relazione tra immagine e testo : Dall'Immagine al testo : Esercitazioni Guidate, Esercitazione Aperta, dal testo All'Immagine." | ||
| 650 | _aSAGGI DI LINGUISTICA | ||
| 650 | _eCodice materia Spics: 3207 | ||
| 942 | _cBK | ||
| 957 | _71 | ||
| 999 |
_c78096 _d78096 |
||
| 999 | _g1 | ||